Jesuits Vol.2 (Record no. 116548)
[ view plain ]
| 000 -LEADER | |
|---|---|
| fixed length control field | 00504nam a2200229Ia 4500 |
| 008 - FIXED-LENGTH DATA ELEMENTS--GENERAL INFORMATION | |
| fixed length control field | 210210b1879 xxu||||| |||| 00| 0 eng d |
| 041 ## - LANGUAGE CODE | |
| Language code of text/sound track or separate title | eng |
| 082 ## - DEWEY DECIMAL CLASSIFICATION NUMBER | |
| Classification number | 270/8 |
| 100 ## - MAIN ENTRY--PERSONAL NAME | |
| Personal name | B N |
| 245 ## - TITLE STATEMENT | |
| Title | Jesuits Vol.2 |
| Remainder of title | Thier foundation and history |
| 260 ## - PUBLICATION, DISTRIBUTION, ETC. | |
| Place of publication, distribution, etc. | London |
| Name of publisher, distributor, etc. | Burns & oates, |
| Date of publication, distribution, etc. | 1879 |
| 300 ## - PHYSICAL DESCRIPTION | |
| Extent | xii,351 |
| 440 ## - SERIES STATEMENT/ADDED ENTRY--TITLE | |
| Title | 2 |
| 650 ## - SUBJECT ADDED ENTRY--TOPICAL TERM | |
| Topical term or geographic name entry element | Vol.2 |
| 650 ## - SUBJECT ADDED ENTRY--TOPICAL TERM | |
| Topical term or geographic name entry element | Thier |
| 650 ## - SUBJECT ADDED ENTRY--TOPICAL TERM | |
| Topical term or geographic name entry element | Jesuits |
| 650 ## - SUBJECT ADDED ENTRY--TOPICAL TERM | |
| Topical term or geographic name entry element | history |
| 650 ## - SUBJECT ADDED ENTRY--TOPICAL TERM | |
| Topical term or geographic name entry element | foundation |
| 650 ## - SUBJECT ADDED ENTRY--TOPICAL TERM | |
| Topical term or geographic name entry element | and |
| 690 ## - LOCAL SUBJECT ADDED ENTRY--TOPICAL TERM (OCLC, RLIN) | |
| Topical term or geographic name as entry element | Jesuits |
| 906 ## - LOCAL DATA ELEMENT F, LDF (RLIN) | |
| a | 001434 |
| Withdrawn status | Lost status | Damaged status | Not for loan | Collection code | Home library | Current library | Shelving location | Date acquired | Cost, normal purchase price | Total Checkouts | Full call number | Barcode | Date last seen | Price effective from | Koha item type |
|---|---|---|---|---|---|---|---|---|---|---|---|---|---|---|---|
| Rare Book | St Aloysius Library | St Aloysius Library | 02/17/2021 | 0.00 | 270/8 | 001434 | 02/17/2021 | 02/17/2021 | Book |